Schaum's Outline Series Theory & Problems of Data Structures (Record no. 158)

MARC details
000 -LEADER
fixed length control field 00464nam a22001697a 4500
005 - DATE AND TIME OF LATEST TRANSACTION
control field 20180208144440.0
008 - FIXED-LENGTH DATA ELEMENTS--GENERAL INFORMATION
fixed length control field 160428b xxu||||| |||| 00| 0 eng d
020 ## - INTERNATIONAL STANDARD BOOK NUMBER
ISBN 0-07-049549-1
041 ## - LANGUAGE CODE
Language code of text/sound track or separate title eng
082 ## - DEWEY DECIMAL CLASSIFICATION NUMBER
Item number 00551
Classification number 005.73
100 ## - MAIN ENTRY--AUTHOR NAME
Personal name Lipschuts, Seymour
245 ## - TITLE STATEMENT
Title Schaum's Outline Series Theory & Problems of Data Structures
260 ## - PUBLICATION, DISTRIBUTION, ETC. (IMPRINT)
Place of publication New Delhi
Name of publisher TMH Publ.co.Ltd.
Year of publication 2003
300 ## - PHYSICAL DESCRIPTION
Number of Pages 344
650 ## - SUBJECT ADDED ENTRY--TOPICAL TERM
Topical Term Information Technology
942 ## - ADDED ENTRY ELEMENTS (KOHA)
Koha item type Books
Holdings
Lost status Damaged status Collection code Home library Current library Shelving location Date acquired Cost, normal purchase price Full call number Accession Number Koha item type
    CS/IT JRU Library JRU Library SHELF-55-D 28/04/2016 195.00 005.73 00551 Books
    CS/IT JRU Library JRU Library SHELF-53-A 28/04/2016 195.00 00551 00552 Books
    CS/IT JRU Library JRU Library SHELF-55-D 28/04/2016 195.00 005.73 00553 Books
    CS/IT JRU Library JRU Library SHELF-55-D 28/04/2016 195.00 005.73 00554 Books
    CS/IT JRU Library JRU Library SHELF-53-A 28/04/2016 195.00 00551 00555 Books
    CS/IT JRU Library JRU Library SHELF-55-D 28/04/2016 195.00 005.73 00556 Books